Bóng chuyển, bóng rổ : T.II /
Bewaard in:
| Hoofdauteur: | |
|---|---|
| Andere auteurs: | , |
| Formaat: | Sách giấy |
| Taal: | Vietnamese |
| Gepubliceerd in: |
Hà Nội :
Lưu hành nội bộ ,
1995
|
| Tags: |
Voeg label toe
Geen labels, Wees de eerste die dit record labelt!
|
| Thư viện lưu trữ: | Thư viện Trường Đại học Đà Lạt |
|---|
| LEADER | 00677nam a2200265 4500 | ||
|---|---|---|---|
| 001 | DLU020010456 | ||
| 005 | ##11/26/1999 | ||
| 041 | # | # | |a vie |
| 082 | # | # | |a 796.32 |b VU-T |
| 090 | # | # | |a 796.32 |b VU-T |
| 100 | # | # | |a Vũ Đức Thu |
| 245 | # | # | |a Bóng chuyển, bóng rổ : |b T.II / |c Vũ Đức Thu, Đinh Can, Nguyễn Trương Tuấn |
| 260 | # | # | |a Hà Nội : |b Lưu hành nội bộ , |c 1995 |
| 300 | # | # | |a 220 tr.; |c 19 cm. |
| 700 | # | # | |a Đinh Can |
| 700 | # | # | |a Nguyễn Trương Tuấn |
| 992 | # | # | |a 15000 |
| 994 | # | # | |a DLU |
| 900 | # | # | |a False |
| 911 | # | # | |a Administrator |
| 925 | # | # | |a G |
| 926 | # | # | |a A |
| 927 | # | # | |a SH |
| 980 | # | # | |a Thư viện Trường Đại học Đà Lạt |